Alle Städte von Österreich - Statistiken

Allgemein
  • Dieses Quiz wurde 52 mal gespielt
  • Das Durchschnittsergebnis liegt bei 51 aus 202
Antwortstatistiken
Einwohnerzahl (2023) Stadt % Korrekt
210.118 Linz
100%
1.982.097 Wien
100%
298.479 Graz
95%
131.358 Innsbruck
93%
29.620 Bregenz
88%
156.619 Salzburg
88%
104.332 Klagenfurt am Wörthersee
83%
65.135 Villach
73%
47.878 Wiener Neustadt
73%
57.639 St. Pölten
70%
64.385 Wels
68%
51.222 Dornbirn
65%
15.729 Eisenstadt
63%
23.902 Amstetten
55%
37.917 Steyr
55%
8.289 Kitzbühel
53%
25.271 Krems an der Donau
53%
11.990 Lienz
53%
14.418 Hall in Tirol
50%
15.029 Bludenz
48%
17.572 Braunau am Inn
48%
35.793 Feldkirch
48%
5.173 Gmünd
45%
2.520 Gmünd in Kärnten
45%
19.930 Kufstein
45%
25.140 Leoben
45%
25.133 Wolfsberg
45%
21.523 Hallein
43%
5.594 Melk
43%
15.270 Spittal an der Drau
43%
6.502 Horn
40%
28.107 Klosterneuburg
40%
7.514 Mattersburg
40%
12.482 Ried im Innkreis
40%
6.764 Hartberg
38%
11.135 Imst
38%
26.017 Baden
35%
8.180 Freistadt
35%
13.360 Gmunden
35%
12.262 Hollabrunn
35%
22.182 Kapfenberg
35%
7.998 Oberwart
35%
14.211 Schwaz
35%
21.166 Schwechat
35%
14.403 Wörgl
35%
10.213 Zell am See
35%
10.702 Zwettl-Niederösterreich
35%
8.395 Bruck an der Leitha
33%
15.970 Bruck an der Mur
33%
12.176 Enns
33%
13.697 Korneuburg
33%
6.275 Laa an der Thaya
33%
8.251 Liezen
33%
12.025 Mistelbach
33%
20.630 Mödling
33%
3.286 Oberpullendorf
33%
25.006 Traun
33%
16.932 Tulln an der Donau
33%
12.769 Vöcklabruck
33%
14.434 Feldkirchen in Kärnten
30%
8.848 Fürstenfeld
30%
5.104 Grieskirchen
30%
7.579 Landeck
30%
13.014 Leibnitz
30%
12.814 Neunkirchen
30%
8.917 Neusiedl am See
30%
1.964 Rust
30%
11.452 St. Johann im Pongau
30%
16.974 Stockerau
30%
11.952 Weiz
30%
14.228 Bad Ischl
28%
12.012 Gänserndorf
28%
29.129 Leonding
28%
6.553 Schladming
28%
19.150 Traiskirchen
28%
5.653 Ybbs an der Donau
28%
12.396 Bad Vöslau
25%
11.721 Deutschlandsberg
25%
4.296 Eferding
25%
6.982 Hainburg an der Donau
25%
6.951 Hermagor-Pressegger See
25%
4.143 Jennersdorf
25%
9.614 Judenburg
25%
2.630 Lilienfeld
25%
3.448 Murau
25%
14.693 Ternitz
25%
10.977 Völkermarkt
25%
10.658 Bischofshofen
23%
11.362 Gleisdorf
23%
12.043 Groß-Enzersdorf
23%
3.610 Güssing
23%
17.239 Hohenems
23%
4.931 Kirchdorf an der Krems
23%
8.047 Mürzzuschlag
23%
9.306 Perg
23%
4.947 Radstadt
23%
4.279 Retz
23%
17.123 Saalfelden am Steinernen Meer
23%
4.237 Scheibbs
23%
9.201 Attnang-Puchheim
20%
11.860 Ebreichsdorf
20%
5.714 Fischamend
20%
1.281 Geras
20%
5.753 Haag
20%
14.603 Marchtrenk
20%
9.944 Purkersdorf
20%
5.351 Schärding
20%
5.219 Waidhofen an der Thaya
20%
11.126 Waidhofen an der Ybbs
20%
18.145 Ansfelden
18%
9.174 Deutsch-Wagram
18%
792 Dürnstein
18%
11.871 Gerasdorf bei Wien
18%
7.936 Herzogenburg
18%
9.813 Laakirchen
18%
7.582 Langenlois
18%
3.099 Marchegg
18%
5.939 Pinkafeld
18%
11.233 Seekirchen am Wallersee
18%
5.348 Spielberg
18%
9.374 St. Valentin
18%
7.425 Wolkersdorf im Weinviertel
18%
13.421 Feldbach
15%
5.895 Gloggnitz
15%
1.313 Hardegg
15%
12.781 Knittelfeld
15%
9.639 Köflach
15%
3.718 Mariazell
15%
3.418 Mautern an der Donau
15%
8.609 Neulengbach
15%
6.058 Oberndorf bei Salzburg
15%
5.273 Schrems
15%
6.474 Traismauer
15%
11.003 Trofaiach
15%
9.538 Voitsberg
15%
4.672 Wieselburg
15%
5.746 Bad Hall
13%
3.235 Bad Radkersburg
13%
3.537 Eggenburg
13%
2.139 Litschau
13%
5.804 Mittersill
13%
459 Rattenberg
13%
5.107 Steyregg
13%
2.601 Weitra
13%
7.114 Zeltweg
13%
5.475 Zistersdorf
13%
5.016 Bad Aussee
10%
4.404 Bad Leonfelden
10%
8.956 Berndorf
10%
3.501 Eisenerz
10%
7.340 Ferlach
10%
2.643 Friedberg
10%
4.901 Friesach
10%
6.633 Frohnleiten
10%
6.643 Gallneukirchen
10%
2.934 Grein
10%
4.508 Groß Gerungs
10%
8.183 Kindberg
10%
7.398 Mattighofen
10%
3.494 Mureck
10%
6.626 Neumarkt am Wallersee
10%
7.863 Pressbaum
10%
2.656 Raabs an der Thaya
10%
12.255 Sankt Veit an der Glan
10%
4.649 Schwanenstadt
10%
1.965 Stadtschlaining
10%
1.507 Vils
10%
6.461 Wilhelmsburg
10%
1.732 Allentsteig
8%
4.289 Bad St. Leonhard im Lavanttal
8%
5.775 Bärnbach
8%
4.103 Bleiburg
8%
1.206 Drosendorf-Zissersdorf
8%
7.245 Fehring
8%
2.932 Frauenkirchen
8%
3.811 Heidenreichstein
8%
2.801 Kirchschlag in der Buckligen Welt
8%
4.000 Pöchlarn
8%
5.685 Poysdorf
8%
5.118 Rottenmann
8%
1.986 Straßburg
8%
3.312 Trieben
8%
5.064 Altheim
5%
3.142 Ebenfurth
5%
3.792 Gföhl
5%
2.693 Groß-Siegharts
5%
3.830 Hainfeld
5%
1.944 Maissau
5%
3.335 Mank
5%
4.219 Mannersdorf am Leithagebirge
5%
2.959 Oberwölz
5%
4.697 Peuerbach
5%
5.571 Pregarten
5%
1.505 Pulkau
5%
4.826 Althofen
3%
3.642 Neufeld an der Leitha
3%
2.984 Purbach am Neusiedler See
3%
5.777 Radenthein
3%
9.839 Sankt Andrä
3%
5.239 Rohrbach-Berg
0%
895 Schrattenthal
0%
5.083 Stadl-Paura
0%
Keine übereinstimmenden Quizze gefunden
Verteilung der Resultate
Anzahl Personen mit jedem Resultat
Perzentil nach korrekt beantworteten Fragen
Ihre Resultats-Entwicklung
Sie haben dieses Quiz noch nicht gespielt